000 nam a22 a 4500
999 _c407142
_d407142
003 BLK
005 20210623113155.0
008 210409b bu |||||r|||| 00| 0 bu d
040 _aBLK
041 _aBUL
_cBUL
080 _aДанъци. Такси. Налози
_b336.2
_x(497.2)
_z336.2(497.2)
110 _9244857
_aБългария. Министерство на финансите
139 _aБългария. Министерство на финансите
245 _aСборник на окръжни писма издадени от отделението на държавната и общественна отчетност при министерството на финансите през 1889
_bофициално издание
260 _9405603
_aСофия
_bДържавна печатница
_c1890
300 _a133с.
_c23 см
380 _a3
490 _9435080
_aКолекция Редки и ценни издания
650 0 _9447437
_aМинистерство на финансите
653 7 _9199346
_aфинанси
653 7 _9191079
_aМинистерство на финансите
852 _aРб 890
_bРц
942 _cKNG
_n0
_s1
944 _aCR
_c2021-04-09
_kМикаела Микова-Илиева
_l2021-04-09
999 _d407142
999 _d407142
999 _d407142
999 _d407142